Seminar on Policy Making on Environment al Issues:the Impact of Media Coverage (24-26 January, 1994:Kuala Lumpur)

Bibliographic Details
Format: Book

MARC

LEADER 00000cam a2200000 7i4500
001 0000006446
005 20000204.0
040 |a INS 
090 0 0 |a S100 
245 0 0 |a Seminar on Policy Making on Environment al Issues:the Impact of Media Coverage (24-26 January, 1994:Kuala Lumpur) 
999 |a S000000188   |b BOOK   |c Seminar   |e Default branch